Estilos, escuelas y movimientos: Guía enciclopédica del arte moderno.
Bewaard in:
| Hoofdauteur: | |
|---|---|
| Formaat: | Boek |
| Gepubliceerd in: |
Barcelona, España:
Blume,
2008.
|
| Editie: | Primera edición en rústica, |
| Onderwerpen: | |
| Tags: |
Voeg label toe
Geen labels, Wees de eerste die dit record labelt!
|
MARC
| LEADER | 00000nam a22000007a 4500 | ||
|---|---|---|---|
| 003 | CL-VaPUC | ||
| 005 | 20250321101942.0 | ||
| 008 | 250204t2008 ||||| |||| 00| 0 eng d | ||
| 999 | |c 447013 |d 447011 | ||
| 020 | |a 978-84-9801-339-9 | ||
| 040 | |c Pontificia Universidad Católica de Valparaíso | ||
| 082 | |a 709.04 DEM 2008 | ||
| 100 | |9 896130 |a Dempsey, Amy |e autora | ||
| 245 | |a Estilos, escuelas y movimientos: |b Guía enciclopédica del arte moderno. | ||
| 250 | |a Primera edición en rústica, | ||
| 260 | |a Barcelona, España: |b Blume, |c 2008. | ||
| 300 | |a 304 páginas: |b ilustraciones, fotografías. | ||
| 500 | |a c.1-c.2. Instituto Arcos.08-01-2025. | ||
| 583 | |c 20250204 |k Gabriela Rodríguez Cuevas | ||
| 650 | 0 | |9 265333 |a Arte moderno |v Enciclopedia |y Siglo 19 y 20 | |
| 942 | |2 ddc |c BK |n 0 | ||
| 952 | |0 0 |1 0 |2 ddc |4 0 |6 709_040000000000000_DEM_2008 |7 0 |8 A |9 600427 |a BIBINC |b BIBINC |d 2025-02-04 |e Instituto Arcos |i 5665338 |l 1 |o 709.04 DEM 2008 |p 5665338 |r 2025-04-21 |s 2025-04-14 |t 1 |w 2025-02-04 |y BK |k IFP | ||
| 952 | |0 0 |1 0 |2 ddc |4 0 |6 709_040000000000000_DEM_2008 |7 0 |8 A |9 600428 |a BIBINC |b BIBINC |d 2025-02-04 |e Instituto Arcos |i 5665339 |l 1 |o 709.04 DEM 2008 |p 5665339 |r 2025-04-21 |s 2025-04-14 |t 2 |w 2025-02-04 |y BK |k IFP | ||